Clubs de handball de l'Essonne (91) - Statistiques

Statistiques générales
  • Ce quiz a été pris 8 fois
  • Le résultat moyen est 19 sur 38
Statistiques - réponses
Numéro Club (ville) % Correct
24 Massy
100%
14 Evry
75%
20 Les Ulis
75%
28 Palaiseau
75%
34 Sainte-Geneviève-des-Bois
75%
33 Saint-Michel-sur-Orge
75%
2 Ballancourt-sur-Essonne
63%
5 Brétigny-sur-Orge
63%
7 Corbeil Essonnes
63%
9 Dourdan
63%
12 Epinay-sur-Orge
63%
13 Etampes
63%
25 Mennecy
63%
30 Ris Orangis
63%
35 Savigny-sur-Orge
63%
1 Athis-Mons
50%
6 Brunoy
50%
8 Crosne
50%
10 Draveil
50%
15 Gif-sur-Yvette
50%
16 Igny
50%
18 Juvisy-sur-Orge
50%
26 Montgeron
50%
27 Morsang-sur-Orge
50%
32 Saint-Germain-les-Corbeil
50%
3 Bondoufle
38%
4 Boussy-saint-Antoine
38%
11 Egly
38%
17 Itteville
38%
21 Limours
38%
23 Marcoussis
38%
36 Verrières-le-Buisson
38%
37 Villebon-sur-Yvette
38%
38 Viry-Chatillon
38%
19 Le Coudray-Montceaux
25%
22 Lisses
25%
29 Pussay
13%
31 Saint-Germain-les-Aparjons
0%
Aucun quiz correspondant
Distribution des résultats
% des personnes avec chaque résultat
Percentile par nombre de réponses
Votre historique - résultats
Vous n’avez pas pris ce quiz